[Event "Oberliga NRW 1920"]
[Site "Germany"]
[Date "2020.02.16"]
[Round "6.8"]
[White "Hunold, Rolf"]
[Black "Nachbar, Benjamin"]
[Result "1/2-1/2"]
[WhiteElo "1945"]
[BlackElo "2073"]
[PlyCount "38"]
[EventDate "2019.09.15"]
[EventType "team-tourn"]
[EventRounds "9"]
[EventCountry "GER"]
[SourceTitle "EXT 2022"]
[Source "ChessBase"]
[SourceDate "2021.10.06"]
[SourceVersion "1"]
[SourceVersionDate "2021.10.06"]
[SourceQuality "1"]
[WhiteTeam "Letmathe"]
[BlackTeam "Muelheim Nord II"]
[WhiteTeamCountry "GER"]
[BlackTeamCountry "GER"]

1. e4 c6 2. d4 d5 3. e5 Bf5 4. Nf3 e6 5. Be2 h5 6. 0-0 h4 7. h3 Nh6 8. c4 Nd7 9. Bg5 Be7 10. Bxe7 Qxe7 11. cxd5 exd5 12. Nc3 Nf8 13. Nh2 Ne6 14. Qd2 Bg6 15. Bg4 Nf5 16. Nf3 Nh6 17. Nh2 Nf5 18. Nf3 Nh6 19. Nh2 Nf5 1/2-1/2

[Event "Oberliga NRW 1920"]
[Site "Germany"]
[Date "2019.11.10"]
[Round "3.8"]
[White "Kuhnen, Thomas"]
[Black "Hunold, Rolf"]
[Result "1-0"]
[WhiteElo "2008"]
[BlackElo "1945"]
[PlyCount "59"]
[EventDate "2019.09.15"]
[EventType "team-tourn"]
[EventRounds "9"]
[EventCountry "GER"]
[SourceTitle "CBM 195 Extra"]
[Source "ChessBase"]
[SourceDate "2020.05.31"]
[SourceVersion "1"]
[SourceVersionDate "2020.05.31"]
[SourceQuality "1"]
[WhiteTeam "Plettenberg"]
[BlackTeam "Letmathe"]
[WhiteTeamCountry "GER"]
[BlackTeamCountry "GER"]

1. e4 c5 2. Nf3 e6 3. d4 cxd4 4. Nxd4 a6 5. Bd3 Nf6 6. 0-0 Qc7 7. Qe2 d6 8. c3 Be7 9. Nd2 Nbd7 10. f4 b5 11. N2f3 Nc5 12. Bc2 Bb7 13. Ng5 h6 14. Nxf7 Kxf7 15. e5 Rhe8 16. exf6 Bxf6 17. Qh5+ Kf8 18. Be3 Be4 19. Bxe4 Nxe4 20. f5 Bxd4 21. cxd4 Nf6 22. Qh4 e5 23. Bxh6 exd4 24. Qxf6+ Kg8 25. Qg6 Qf7 26. Qg4 Kh7 27. Bg5 Qd5 28. f6 g6 29. Qh4+ Kg8 30. f7+ 1-0

[Event "NRW Class2 1718"]
[Site "Germany"]
[Date "2017.11.19"]
[Round "3.8"]
[White "Schaefer, Martin1111"]
[Black "Hunold, Rolf"]
[Result "0-1"]
[WhiteElo "1926"]
[BlackElo "1943"]
[PlyCount "128"]
[EventDate "2017.09.17"]
[EventType "team-tourn"]
[EventRounds "9"]
[EventCountry "GER"]
[SourceTitle "EXT 2019"]
[Source "ChessBase"]
[SourceDate "2018.10.10"]
[SourceVersion "1"]
[SourceVersionDate "2018.10.10"]
[SourceQuality "1"]
[WhiteTeam "Ennepe Ruhr Sued"]
[BlackTeam "Letmathe"]
[WhiteTeamCountry "GER"]
[BlackTeamCountry "GER"]

1. d4 Nf6 2. c4 e6 3. Nf3 b6 4. g3 Bb7 5. Bg2 Bb4+ 6. Bd2 Qe7 7. 0-0 Bxd2 8. Qxd2 0-0 9. Nc3 d6 10. Rfe1 Ne4 11. Nxe4 Bxe4 12. Qf4 f5 13. h4 Nd7 14. Rac1 e5 15. Qg5 Rae8 16. Qxe7 Rxe7 17. b4 Rfe8 18. dxe5 Nxe5 19. Nd4 Bxg2 20. Nxf5 Rf7 21. Nxd6 cxd6 22. Kxg2 Rc7 23. f4 Nxc4 24. Kf2 b5 25. Rc3 Rce7 26. a4 a6 27. axb5 axb5 28. Rd3 Re4 29. Rd5 Na3 30. Rxd6 Nc2 31. Rc1 Rxe2+ 32. Kf3 h5 33. f5 R2e3+ 34. Kf4 R8e4+ 35. Kg5 Rxg3+ 36. Kxh5 Rgg4 37. f6 Rxh4+ 38. Kg6 Reg4+ 39. Kf5 Ne3+ 40. Ke6 Re4+ 41. Kd7 Nc4 42. Ra6 Ne5+ 43. Kd6 Nf7+ 44. Kd7 Rd4+ 45. Kc6 Ne5+ 46. Kb7 g5 47. Rc7 Rd7 48. Re6 Rxc7+ 49. Kxc7 Nf7 50. Kd7 Rd4+ 51. Ke7 Rxb4 52. Re1 g4 53. Ke6 g3 54. Kf5 g2 55. Rg1 Nd6+ 56. Ke6 Rg4 57. Kxd6 Kf7 58. Ke5 b4 59. Kf5 Rg6 60. Ke4 b3 61. Kd3 Rg3+ 62. Kd2 Kxf6 63. Ke2 b2 64. Kf2 Rc3 0-1

[Event "NRW Class2 1617"]
[Site "Germany"]
[Date "2017.01.22"]
[Round "5.8"]
[White "De Vreugt, Dennis"]
[Black "Hunold, Rolf"]
[Result "1-0"]
[WhiteElo "2410"]
[BlackElo "2091"]
[PlyCount "53"]
[EventDate "2016.09.25"]
[EventType "team-tourn"]
[EventRounds "9"]
[EventCountry "GER"]
[SourceTitle "EXT 2023"]
[Source "ChessBase"]
[SourceDate "2022.10.05"]
[SourceVersion "1"]
[SourceVersionDate "2022.10.05"]
[SourceQuality "1"]
[WhiteTeam "Erkenschwick"]
[BlackTeam "Letmathe"]
[WhiteTeamCountry "GER"]
[BlackTeamCountry "GER"]

1. e4 c5 2. Nf3 e6 3. d4 cxd4 4. Nxd4 a6 5. Bd3 Qc7 6. Qe2 d6 7. c4 Nf6 8. Nc3 Nbd7 9. a4 b6 10. a5 Be7 11. 0-0 Bb7 12. axb6 Nxb6 13. Nb3 Nbd7 14. Na5 Bc8 15. Be3 Ne5 16. Bc2 0-0 17. f4 Neg4 18. Bd2 Qc5+ 19. Kh1 Qh5 20. h3 e5 21. Nc6 Bd8 22. Nxd8 Rxd8 23. f5 Qh4 24. Qe1 Qxe1 25. Raxe1 Nh6 26. g4 g5 27. fxg6 1-0

[Event "NRW Class2 1617"]
[Site "Germany"]
[Date "2016.10.23"]
[Round "2.8"]
[White "Hunold, Rolf"]
[Black "Freise, Eckhard"]
[Result "1-0"]
[WhiteElo "2091"]
[BlackElo "1980"]
[PlyCount "77"]
[EventDate "2016.09.25"]
[EventType "team-tourn"]
[EventRounds "9"]
[EventCountry "GER"]
[SourceTitle "EXT 2023"]
[Source "ChessBase"]
[SourceDate "2022.10.05"]
[SourceVersion "1"]
[SourceVersionDate "2022.10.05"]
[SourceQuality "1"]
[WhiteTeam "Letmathe"]
[BlackTeam "Muenster SK II"]
[WhiteTeamCountry "GER"]
[BlackTeamCountry "GER"]

1. e4 e5 2. Nf3 Nc6 3. d4 exd4 4. Bc4 Nf6 5. e5 d5 6. Bb5 Ne4 7. Nxd4 Bd7 8. Bxc6 bxc6 9. 0-0 Bc5 10. f3 Ng5 11. Be3 Qe7 12. Qd2 h6 13. Nc3 0-0 14. f4 Ne4 15. Nxe4 dxe4 16. Qf2 Bb6 17. a4 c5 18. Nb3 c4 19. Nc5 Rfb8 20. a5 Bxc5 21. Bxc5 Qe6 22. Bxa7 Rxb2 23. Bd4 Rb5 24. f5 Qc6 25. Bc3 Qc5 26. Qxc5 Rxc5 27. g4 Bc6 28. Kf2 Rd5 29. Ke3 Kf8 30. Rfd1 Ra6 31. Rxd5 Bxd5 32. Kd4 c6 33. Rb1 Ra8 34. Rb6 Rd8 35. a6 Ra8 36. Bb4+ Ke8 37. Bc5 Kd8 38. a7 Kc8 39. Rb1 1-0

[Event "Schleswig Holstein-ch Seniors op 9th"]
[Site "Buesum"]
[Date "2015.10.07"]
[Round "9"]
[White "Hassenrueck, Helmut"]
[Black "Hunold, Rolf"]
[Result "1-0"]
[WhiteElo "2240"]
[BlackElo "2093"]
[PlyCount "85"]
[EventDate "2015.09.28"]
[EventType "swiss"]
[EventRounds "9"]
[EventCountry "GER"]
[SourceTitle "EXT 2018"]
[Source "ChessBase"]
[SourceDate "2017.10.13"]
[SourceVersion "1"]
[SourceVersionDate "2017.10.13"]
[SourceQuality "1"]

1. d4 Nf6 2. Nf3 e6 3. c4 d5 4. Nc3 Bb4 5. cxd5 exd5 6. Bg5 Nbd7 7. e3 c6 8. Bd3 Qa5 9. Qc2 0-0 10. 0-0 h6 11. Bh4 Re8 12. Nd2 a6 13. Rac1 g5 14. Bg3 Qd8 15. a3 Bf8 16. e4 Bg7 17. e5 Nh5 18. Qd1 Nxg3 19. fxg3 Nf8 20. Nb3 b6 21. Qh5 Be6 22. Kh1 Qc8 23. g4 Re7 24. Bf5 Rb8 25. h4 gxh4 26. Qxh4 Qe8 27. Rf3 Nh7 28. Bxh7+ Kxh7 29. g5 Rc7 30. gxh6 Bh8 31. Rg3 Qe7 32. Qf4 Rcc8 33. Re1 Rg8 34. Nd2 c5 35. Ne2 Rbc8 36. Nf3 Rxg3 37. Nxg3 Rg8 38. Nf5 Qd8 39. N3h4 Qg5 40. Qf2 cxd4 41. Nxd4 Bxe5 42. Ndf3 Qg3 43. Qc2+ 1-0

[Event "Schleswig Holstein-ch Seniors op 9th"]
[Site "Buesum"]
[Date "2015.10.04"]
[Round "6"]
[White "Hunold, Rolf"]
[Black "Raessler, Arndt"]
[Result "1-0"]
[WhiteElo "2093"]
[BlackElo "1944"]
[PlyCount "27"]
[EventDate "2015.09.28"]
[EventType "swiss"]
[EventRounds "9"]
[EventCountry "GER"]
[SourceTitle "EXT 2018"]
[Source "ChessBase"]
[SourceDate "2017.10.13"]
[SourceVersion "1"]
[SourceVersionDate "2017.10.13"]
[SourceQuality "1"]

1. e4 e6 2. d4 d5 3. Nc3 Nf6 4. Bg5 dxe4 5. Nxe4 Be7 6. Bxf6 gxf6 7. Nf3 f5 8. Ng3 a6 9. Be2 b5 10. Ne5 Bb7 11. Bf3 Bd5 12. 0-0 Bf6 13. Re1 c6 14. Nxf5 1-0

[Event "Schleswig Holstein-ch Seniors op 9th"]
[Site "Buesum"]
[Date "2015.10.02"]
[Round "5"]
[White "Hess, Christian"]
[Black "Hunold, Rolf"]
[Result "1-0"]
[WhiteElo "2203"]
[BlackElo "2093"]
[PlyCount "81"]
[EventDate "2015.09.28"]
[EventType "swiss"]
[EventRounds "9"]
[EventCountry "GER"]
[SourceTitle "EXT 2018"]
[Source "ChessBase"]
[SourceDate "2017.10.13"]
[SourceVersion "1"]
[SourceVersionDate "2017.10.13"]
[SourceQuality "1"]

1. c4 Nf6 2. Nc3 c5 3. Nf3 Nc6 4. d4 cxd4 5. Nxd4 g6 6. Nc2 Bg7 7. e4 d6 8. Be2 Be6 9. 0-0 Rc8 10. Bd2 0-0 11. Kh1 Ne8 12. Ne3 Nd4 13. Bd3 f5 14. exf5 Nxf5 15. Ned5 Nf6 16. Re1 Nxd5 17. cxd5 Bd7 18. Bg5 Rf7 19. Rc1 a6 20. Qd2 Qf8 21. f3 h6 22. Bxf5 Bxf5 23. Be3 g5 24. Bd4 Rc4 25. Bxg7 Kxg7 26. Ne4 Rxc1 27. Qxc1 g4 28. Qc3+ Kg6 29. Ng3 h5 30. Qd4 gxf3 31. gxf3 Bd7 32. Qe4+ Bf5 33. Qh4 Qh6 34. Nxf5 Rxf5 35. Qxe7 Qf4 36. Rg1+ Rg5 37. Rxg5+ Qxg5 38. Qxd6+ Kg7 39. Qg3 Kf6 40. Qxg5+ Kxg5 41. f4+ 1-0

[Event "Hessen-ch Seniors op 11th"]
[Site "Bad Sooden-Allendorf"]
[Date "2015.05.12"]
[Round "4"]
[White "Hunold, Rolf"]
[Black "Schwab, Wolfgang"]
[Result "1-0"]
[WhiteElo "2119"]
[BlackElo "1763"]
[PlyCount "111"]
[EventDate "2015.05.09"]
[EventType "swiss"]
[EventRounds "9"]
[EventCountry "GER"]
[SourceTitle "EXT 2018"]
[Source "ChessBase"]
[SourceDate "2017.10.13"]
[SourceVersion "1"]
[SourceVersionDate "2017.10.13"]
[SourceQuality "1"]

1. e4 c5 2. Nf3 e6 3. d4 cxd4 4. Nxd4 a6 5. Bd3 d6 6. 0-0 Nf6 7. Be3 Nbd7 8. Nc3 Be7 9. a4 Qc7 10. Nb3 b6 11. Qe2 Bb7 12. f4 d5 13. exd5 exd5 14. Bd4 Kf8 15. Be5 Bd6 16. Bxd6+ Qxd6 17. Qf2 g6 18. Qd4 Nc5 19. Ne4 Ncxe4 20. Bxe4 Rg8 21. Bd3 Nd7 22. f5 Qe5 23. Qf2 Qf6 24. Qd2 g5 25. Rae1 Re8 26. Rxe8+ Kxe8 27. Qb4 a5 28. Qd4 Qxd4+ 29. Nxd4 Nc5 30. Bb5+ Kd8 31. Re1 Ne4 32. Bc6 Kc7 33. Bxb7 Kxb7 34. c4 Rd8 35. cxd5 Nf6 36. Re7+ Rd7 37. Rxd7+ Nxd7 38. Kf2 Nf6 39. Kf3 Nxd5 40. Ke4 Nf6+ 41. Ke5 Ng4+ 42. Kd6 h5 43. Ke7 f6 44. h3 Ne3 45. Kxf6 g4 46. hxg4 hxg4 47. Kg5 Kc7 48. g3 Kd7 49. Kf4 Nd5+ 50. Kxg4 Ke7 51. Kg5 Kf7 52. g4 Ke7 53. Kg6 Nf4+ 54. Kg7 Nd5 55. g5 Nf4 56. f6+ 1-0

[Event "NRW Class1 1415"]
[Site "Germany"]
[Date "2015.01.11"]
[Round "5.8"]
[White "Niermann, Rainer"]
[Black "Hunold, Rolf"]
[Result "0-1"]
[WhiteElo "2015"]
[BlackElo "1954"]
[PlyCount "112"]
[EventDate "2014.09.14"]
[EventType "team-tourn"]
[EventRounds "9"]
[EventCountry "GER"]
[SourceTitle "EXT 2017"]
[Source "ChessBase"]
[SourceDate "2016.10.25"]
[SourceVersion "1"]
[SourceVersionDate "2016.10.25"]
[SourceQuality "1"]
[WhiteTeam "Muenster II"]
[BlackTeam "Letmathe"]
[WhiteTeamCountry "GER"]
[BlackTeamCountry "GER"]

1. e4 c5 2. Nc3 e6 3. g3 d6 4. Bg2 Nc6 5. d3 g6 6. Be3 Bg7 7. Qd2 Nd4 8. Nd1 Ne7 9. c3 Ndc6 10. Bh6 0-0 11. h4 Ne5 12. h5 f6 13. hxg6 hxg6 14. Ne3 Bxh6 15. Rxh6 Kg7 16. Ne2 Nxd3+ 17. Kd1 Ne5 18. Kc2 Nf7 19. Rh2 Rh8 20. Rxh8 Qxh8 21. Ng4 Qh5 22. Rh1 Qxg4 23. Rh4 Qxh4 24. gxh4 Bd7 25. f4 Rh8 26. e5 d5 27. exf6+ Kxf6 28. c4 d4 29. Nxd4 Rxh4 30. Bxb7 Ba4+ 31. b3 Be8 32. Nf3 Rh5 33. Qc3+ Kf5 34. Qe3 Kf6 35. Be4 Bc6 36. Qc3+ e5 37. fxe5+ Nxe5 38. Bxc6 N7xc6 39. Kb2 Rh3 40. Qd2 Rxf3 41. Qd6+ Kf5 42. Qc7 g5 43. Qc8+ Ke4 44. Qg8 g4 45. Ka3 Rf6 46. Qd5+ Kf5 47. Qxc5 Rg6 48. Qf2+ Ke6 49. c5 g3 50. Qg2 Rg4 51. Kb2 Nb4 52. a3 Nbd3+ 53. Kc3 Nf4 54. Qb7 g2 55. Qc8+ Kf6 56. Qd8+ Kf5 0-1

[Event "NRW Class1 1415"]
[Site "Germany"]
[Date "2014.11.16"]
[Round "3.5"]
[White "Grobbel, Rainer"]
[Black "Hunold, Rolf"]
[Result "1-0"]
[WhiteElo "2120"]
[BlackElo "1954"]
[PlyCount "69"]
[EventDate "2014.09.14"]
[EventType "team-tourn"]
[EventRounds "9"]
[EventCountry "GER"]
[SourceTitle "EXT 2017"]
[Source "ChessBase"]
[SourceDate "2016.10.25"]
[SourceVersion "1"]
[SourceVersionDate "2016.10.25"]
[SourceQuality "1"]
[WhiteTeam "Lippstadt Turm"]
[BlackTeam "Letmathe"]
[WhiteTeamCountry "GER"]
[BlackTeamCountry "GER"]

1. d4 Nf6 2. c4 e6 3. Nf3 Bb4+ 4. Bd2 a5 5. Nc3 0-0 6. Qc2 b6 7. e4 d6 8. Bd3 h6 9. 0-0 Bb7 10. Rfe1 Nfd7 11. a3 Bxc3 12. Bxc3 Re8 13. b4 axb4 14. axb4 e5 15. Rxa8 Bxa8 16. d5 Bb7 17. Ra1 Qe7 18. Ra7 Bc8 19. Rxc7 f5 20. Nd2 f4 21. Nb3 Qd8 22. Ra7 Nf6 23. f3 Nbd7 24. Be1 g5 25. Bf2 Re7 26. c5 bxc5 27. bxc5 Nxc5 28. Rxe7 Qxe7 29. Nxc5 dxc5 30. Bxc5 Qc7 31. Bb4 Qa7+ 32. Qc5 Qa1+ 33. Bf1 Qd4+ 34. Qxd4 exd4 35. Bc5 1-0

[Event "NRW Class1 1415"]
[Site "Germany"]
[Date "2014.10.05"]
[Round "2.8"]
[White "Kneutgen, Alexander"]
[Black "Hunold, Rolf"]
[Result "1/2-1/2"]
[WhiteElo "1987"]
[BlackElo "1954"]
[PlyCount "147"]
[EventDate "2014.09.14"]
[EventType "team-tourn"]
[EventRounds "9"]
[EventCountry "GER"]
[SourceTitle "EXT 2017"]
[Source "ChessBase"]
[SourceDate "2016.10.25"]
[SourceVersion "1"]
[SourceVersionDate "2016.10.25"]
[SourceQuality "1"]
[WhiteTeam "Niederkassel"]
[BlackTeam "Letmathe"]
[WhiteTeamCountry "GER"]
[BlackTeamCountry "GER"]

1. e4 c5 2. Nc3 e6 3. g3 b6 4. Bg2 Bb7 5. Nge2 d6 6. 0-0 Nf6 7. d4 cxd4 8. Nxd4 Nbd7 9. Bg5 a6 10. Re1 Qc7 11. Bxf6 Nxf6 12. e5 dxe5 13. Bxb7 Qxb7 14. Qf3 Qxf3 15. Nxf3 Bb4 16. Nxe5 Bxc3 17. bxc3 Rc8 18. c4 Nd7 19. Rab1 Nxe5 20. Rxe5 Rxc4 21. Rxb6 0-0 22. Rxa6 Rxc2 23. Rb5 h5 24. Rb7 h4 25. gxh4 Rc4 26. Raa7 Rxh4 27. a4 Rf4 28. a5 Rc8 29. Rc7 Rxc7 30. Rxc7 Ra4 31. Rc5 Kf8 32. Kg2 Ke7 33. Kg3 f5 34. h4 Kf6 35. f4 Ra3+ 36. Kg2 Kg6 37. Re5 Kh5 38. Rxe6 Rxa5 39. Re5 Ra2+ 40. Kg3 Ra3+ 41. Kg2 Kg4 42. Re7 Rg3+ 43. Kf2 Kxf4 44. Ra7 Rg4 45. Ra4+ Ke5 46. Ra5+ Kf6 47. Ra6+ Kf7 48. Ra5 Kg6 49. h5+ Kg5 50. h6 gxh6 51. Ra8 h5 52. Kf3 Rf4+ 53. Kg2 Rb4 54. Kf3 Rb3+ 55. Kg2 h4 56. Rg8+ Kf4 57. Ra8 Re3 58. Ra4+ Kg5 59. Ra8 Rd3 60. Rg8+ Kf4 61. Ra8 h3+ 62. Kh2 Re3 63. Ra4+ Kg5 64. Ra8 Kg4 65. Rg8+ Kf4 66. Ra8 Kf3 67. Kxh3 Kf2+ 68. Kh2 f4 69. Rf8 f3 70. Rf7 Re8 71. Kh3 Re4 72. Ra7 Kf1 73. Kg3 f2 74. Kf3 1/2-1/2

[Event "Rheinland Pfalz op Seniors 12th"]
[Site "Neustadt an der Weinstrasse"]
[Date "2014.07.13"]
[Round "3"]
[White "Hennrich, Reinhard"]
[Black "Hunold, Rolf"]
[Result "0-1"]
[WhiteElo "1820"]
[BlackElo "2102"]
[PlyCount "96"]
[EventDate "2014.07.12"]
[EventType "swiss"]
[EventRounds "7"]
[EventCountry "GER"]
[SourceTitle "EXT 2019"]
[Source "ChessBase"]
[SourceDate "2018.10.10"]
[SourceVersion "1"]
[SourceVersionDate "2018.10.10"]
[SourceQuality "1"]

1. d4 Nf6 2. Nf3 e6 3. c4 d5 4. Nc3 Bb4 5. Qc2 0-0 6. a3 Be7 7. e3 a6 8. Bd3 Nbd7 9. 0-0 c5 10. Re1 dxc4 11. Bxc4 b5 12. Be2 Bb7 13. Nd2 Rc8 14. Qb1 cxd4 15. exd4 Nb6 16. Bf3 Bxf3 17. Nxf3 Nfd5 18. Ne4 h6 19. b4 Nc3 20. Qd3 Nxe4 21. Qxe4 Rc4 22. Bb2 Na4 23. Bc1 Bf6 24. Be3 Qc7 25. Ne5 Bxe5 26. Qxe5 Qc6 27. Qg3 Kh7 28. h3 Qd5 29. Qh2 Rfc8 30. Qf4 Kg8 31. Qg3 Kh7 32. Qf4 R8c7 33. Qg3 Nc3 34. Bf4 R7c6 35. Kh2 Qf5 36. Be3 Nd5 37. Rf1 Rc3 38. Qb8 Qg6 39. Qe8 Rc2 40. Bd2 R6c4 41. Be1 Nf4 42. Qa8 Rc6 43. g3 Ne2 44. Rd1 Qe4 45. Rd2 Nxd4 46. Rxc2 Nf3+ 47. Kh1 Qxc2 48. Qa7 Qe2 0-1

[Event "Hessen-ch Seniors op 10th"]
[Site "Bad Sooden-Allendorf"]
[Date "2014.05.03"]
[Round "8"]
[White "Hunold, Rolf"]
[Black "Lenk, Wolfgang"]
[Result "1/2-1/2"]
[WhiteElo "2102"]
[BlackElo "2185"]
[PlyCount "41"]
[EventDate "2014.04.26"]
[EventType "swiss"]
[EventRounds "9"]
[EventCountry "GER"]
[SourceTitle "EXT 2018"]
[Source "ChessBase"]
[SourceDate "2017.10.13"]
[SourceVersion "1"]
[SourceVersionDate "2017.10.13"]
[SourceQuality "1"]

1. e4 d6 2. d4 Nf6 3. Nc3 g6 4. Be2 Bg7 5. Be3 c6 6. Qd2 b5 7. a3 Nbd7 8. Bh6 Bxh6 9. Qxh6 Qa5 10. Qd2 b4 11. Nd1 Nxe4 12. Qxb4 Qc7 13. Nf3 Rb8 14. Qa4 Ndf6 15. c3 Be6 16. b4 0-0 17. Qc2 c5 18. Bd3 Qb7 19. dxc5 dxc5 20. 0-0 Rfc8 21. Re1 1/2-1/2

[Event "Hessen-ch Seniors op 09th"]
[Site "Bad Sooden-Allendorf"]
[Date "2013.04.26"]
[Round "7"]
[White "Hunold, Rolf"]
[Black "Peleikis, Horst"]
[Result "1/2-1/2"]
[WhiteElo "2122"]
[BlackElo "2070"]
[PlyCount "113"]
[EventDate "2013.04.20"]
[EventType "swiss"]
[EventRounds "9"]
[EventCountry "GER"]
[SourceTitle "EXT 2019"]
[Source "ChessBase"]
[SourceDate "2018.10.10"]
[SourceVersion "1"]
[SourceVersionDate "2018.10.10"]
[SourceQuality "1"]

1. c4 c5 2. Nf3 Nc6 3. d4 cxd4 4. Nxd4 d6 5. Nc3 g6 6. e4 Bg7 7. Be3 Nf6 8. f3 0-0 9. Qd2 Nd7 10. Be2 Nxd4 11. Bxd4 Bxd4 12. Qxd4 Qb6 13. Qd2 Ne5 14. Nd5 Qd8 15. 0-0 Nc6 16. b4 e6 17. Ne3 Qb6 18. Rab1 e5 19. Kh1 Nd4 20. Bd3 Qd8 21. Nc2 Ne6 22. Rfd1 Qe7 23. Bf1 Rd8 24. Rb3 Bd7 25. Ra3 Be8 26. g3 a6 27. Ra5 Bc6 28. Ra3 b6 29. Qf2 Qb7 30. Rad3 Ba4 31. Rxd6 Rxd6 32. Rxd6 Bxc2 33. Qxc2 Nd4 34. Qf2 a5 35. b5 Rf8 36. Rd5 Qe7 37. f4 f6 38. Qd2 Kg7 39. c5 bxc5 40. fxe5 fxe5 41. Bh3 Rd8 42. Qxa5 Rxd5 43. exd5 Qb7 44. b6 Qxd5+ 45. Bg2 Nf3 46. Qb5 e4 47. b7 Qd4 48. Qf1 Qb4 49. Bxf3 exf3 50. Qxf3 Qb1+ 51. Kg2 Qxa2+ 52. Kh3 Qb1 53. g4 g5 54. Kg2 c4 55. h4 h6 56. h5 Qb5 57. Kh3 1/2-1/2

[Event "Hessen-ch Seniors op 09th"]
[Site "Bad Sooden-Allendorf"]
[Date "2013.04.25"]
[Round "6"]
[White "Barlo, Werner"]
[Black "Hunold, Rolf"]
[Result "1/2-1/2"]
[WhiteElo "1835"]
[BlackElo "2122"]
[PlyCount "91"]
[EventDate "2013.04.20"]
[EventType "swiss"]
[EventRounds "9"]
[EventCountry "GER"]
[SourceTitle "EXT 2019"]
[Source "ChessBase"]
[SourceDate "2018.10.10"]
[SourceVersion "1"]
[SourceVersionDate "2018.10.10"]
[SourceQuality "1"]

1. d4 Nf6 2. Nf3 e6 3. c4 Bb4+ 4. Nbd2 d5 5. a3 Be7 6. e3 0-0 7. Bd3 Nbd7 8. c5 e5 9. dxe5 Nxc5 10. Qc2 Nxd3+ 11. Qxd3 Ne8 12. b4 a5 13. bxa5 Rxa5 14. 0-0 b6 15. Re1 c5 16. Bb2 Be6 17. a4 Nc7 18. Bc3 Ra6 19. Reb1 Qa8 20. Qc2 Bd7 21. a5 b5 22. e6 Bxe6 23. Be5 Rc8 24. Qb2 b4 25. Bxg7 Ne8 26. Bh6 Bf6 27. Ne5 Rxa5 28. f4 Rxa1 29. Rxa1 Qb7 30. Ndf3 Bg7 31. Bxg7 Nxg7 32. Ng5 h6 33. Nxe6 Nxe6 34. Ng4 d4 35. Nxh6+ Kf8 36. Qc2 b3 37. Qh7 Ke8 38. Qg8+ Nf8 39. Nf5 Rc6 40. Qh8 Rg6 41. Qe5+ Kd7 42. Qe7+ Kc6 43. Qxf8 Re6 44. exd4 c4 45. Qc5+ Kd7 46. d5 1/2-1/2

[Event "Hessen-ch Seniors op 09th"]
[Site "Bad Sooden-Allendorf"]
[Date "2013.04.23"]
[Round "4"]
[White "Hottes, Dieter"]
[Black "Hunold, Rolf"]
[Result "1-0"]
[WhiteElo "2220"]
[BlackElo "2122"]
[PlyCount "69"]
[EventDate "2013.04.20"]
[EventType "swiss"]
[EventRounds "9"]
[EventCountry "GER"]
[SourceTitle "EXT 2019"]
[Source "ChessBase"]
[SourceDate "2018.10.10"]
[SourceVersion "1"]
[SourceVersionDate "2018.10.10"]
[SourceQuality "1"]

1. d4 Nf6 2. Nf3 g6 3. g3 Bg7 4. Bg2 0-0 5. 0-0 d6 6. c4 c6 7. Nc3 Nbd7 8. b3 e5 9. e3 Qa5 10. Qc2 Re8 11. Bd2 Qc7 12. Rac1 Nf8 13. d5 Nh5 14. b4 Bd7 15. Qb3 Kh8 16. c5 dxc5 17. bxc5 cxd5 18. Nxd5 Qc8 19. Ng5 Be6 20. e4 h6 21. Nxe6 Nxe6 22. Be3 Kh7 23. Bh3 Qc6 24. Nb4 Qb5 25. Rfd1 Nd4 26. Bxd4 exd4 27. Nd5 Qxb3 28. axb3 Rxe4 29. Bg2 Re2 30. g4 Nf6 31. Nxf6+ Bxf6 32. Bxb7 Rd8 33. c6 Be5 34. c7 Bxc7 35. Rxc7 1-0

[Event "Hessen-ch Seniors op 09th"]
[Site "Bad Sooden-Allendorf"]
[Date "2013.04.22"]
[Round "3"]
[White "Hunold, Rolf"]
[Black "Knaak, Joachim"]
[Result "1/2-1/2"]
[WhiteElo "2122"]
[BlackElo "2202"]
[PlyCount "82"]
[EventDate "2013.04.20"]
[EventType "swiss"]
[EventRounds "9"]
[EventCountry "GER"]
[SourceTitle "EXT 2019"]
[Source "ChessBase"]
[SourceDate "2018.10.10"]
[SourceVersion "1"]
[SourceVersionDate "2018.10.10"]
[SourceQuality "1"]

1. e4 c5 2. Nf3 g6 3. Bc4 Nc6 4. c3 Nf6 5. e5 Ng4 6. d4 d5 7. Be2 Bg7 8. 0-0 cxd4 9. cxd4 0-0 10. Nc3 Nh6 11. Qb3 Nf5 12. Rd1 e6 13. Bb5 Bd7 14. Bg5 f6 15. exf6 Bxf6 16. Bxf6 Qxf6 17. Bxc6 Bxc6 18. Rd2 Rac8 19. Re1 Rce8 20. Qa3 a6 21. Qc5 Nh4 22. Nxh4 Qxh4 23. Qd6 Qf6 24. Qg3 Qf4 25. Qxf4 Rxf4 26. g3 Rf3 27. Kg2 Rf5 28. f4 g5 29. Rf2 gxf4 30. Rxf4 Rg5 31. h4 Rg6 32. Re5 Rf8 33. Ne2 Rgf6 34. Rxf6 Rxf6 35. Nf4 Kf7 36. Rh5 Kg7 37. Rg5+ Kf7 38. Nd3 Bb5 39. Ne5+ Kf8 40. Rg4 Bf1+ 41. Kg1 Bb5 1/2-1/2